00756nam a22002177a 4500003000500000005001700005008004100022010000900063011000900072035000900081040000900090100003200099245016400131260004000295300001000335500001200345502010100357650002300458650003600481650002100517CHAP20220329133112.0971013s1991 r 00010 d a2170 a3142 a2342 cCHAP00aMacías Coronel, Humberto. aRaciones de costo mínimo para ganado bovino lechero en los municipios de Tepic y Xalisco, Nayarit a partir de productos forrajeros disponibles en la región aChapingo, Méx. :bEl Autor,c1991 a78 h. aD44-204 aTesis (M.C. Esp. Economía del Desarrollo Rural) -- UACH. Departamento de Economía Agrícola14aForrajesxNayarit.14aGanado lecheroxAlimentación.14aGanadoxNayarit.